000 00724nam a22002292 4500
001 0000020984
005 20151021152602.0
008 120106s xx 000 0 eng d
020 _a0582403878 :
040 _aKABU
_cKABU
100 1 _aGravelle, Hugh.
_@0000181644
245 1 0 _aMicroeconomics /
_cHugh Gravelle and Ray Rees.
250 _a3rd ed.
260 _aHarlow, England :
_bPrentice Hall,
_c2004.
300 _aix, 738 p.
650 0 _aMicroeconomics.
_@0000149944
700 1 _aRees, Ray.
_@0000181645
852 1 _9p8900 KES
852 1 _9p8900 KES
908 _a120106
950 _@1
999 _c1572
_d1572